00562nam a2200205Ia 450000500170000000800460001703700110006304000080007404000080008204000080009004100080009804100080010608400080011410000390012224501090016126000090027030000100027965000080028970000590029720260430150142.0008 250103s9999 xx 000 0 eng d aTheses aCRL beng ceng 2eng aeng qCRL aBikram Kirti Au.; Mittal Raman Gu. 0aAnalysis of counterfeiting of goods and its relationaship with intellectual property and commercial laws c2022 a215p. aLaw aUniversity of Delhi. Faculty of Law. Department of Law